[Event "7th Tilburg Interpolis it"]
[Site "Tilburg NED"]
[Date "1983.10.23"]
[Round "9"]
[White "Portisch, Lajos"]
[Black "Timman, Jan"]
[Result "1/2-1/2"]
[WhiteElo "2600"]
[BlackElo "2605"]
[EventDate "1983.10.12"]
[PlyCount "81"]

1. Nf3 Nf6 2. c4 b6 3. d4 e6 4. g3 Ba6 5. b3 Bb4+ 6. Bd2 Be7 7. Bg2 d5 8. cxd5
Nxd5 9. Nc3 Nd7 10. Nxd5 exd5 11. O-O O-O 12. Rc1 Re8 13. Re1 c5 14. Be3 Bb7
15. Nd2 Rc8 16. Nb1 Nf6 17. dxc5 bxc5 18. Nc3 h6 19. Na4 Qa5 20. Qc2 Rc7 21.
Red1 Bf8 22. Bf4 Rcc8 23. Nc3 Qa6 24. Nxd5 Nxd5 25. Bxd5 Bxd5 26. Rxd5 Rxe2 27.
Rd2 Rxd2 28. Bxd2 Rd8 29. Be3 Rd5 30. Qe4 Rd8 31. Qc2 Rd5 32. h4 Rd8 33. Kh2
Rd5 34. Qc4 Qe6 35. Qa4 a6 36. Qc4 Qd6 37. Qe2 g6 38. Qf3 Bg7 39. Rc4 h5 40.
Ra4 Bd4 41. Qe2 1/2-1/2